Notas sobre la predominancia de la dieta vegetal en dos animales del intertrópico americano, y sobre árboles y arbustos forrajeros (Registro nro. 14257)

Detalles MARC
000 -CABECERA
Campo de control 004470000a22001090004500
090 ## - CLASIFICACIÓN LOCAL
Colección AS
Consecutivo Seriadas
041 0# - IDIOMA
Código de idioma para texto/pista de sonido o título separado
100 1# - ASIENTO PRINCIPAL--NOMBRE PERSONAL
Nombre personal Patiño, Victor Manuel
245 10 - MENCION DE TITULO
Título Notas sobre la predominancia de la dieta vegetal en dos animales del intertrópico americano, y sobre árboles y arbustos forrajeros
773 1# - Item fuente:
Título Revista de la Academia Colombiana de Ciencias Exactas, Fisicas y Naturales
Especificación de materiales 32
Descripción física 95
Paginas del Articulo 237-252
Lugar, editorial y fecha de publicación 2001
Información sobre la relación 25
942 ## - ELEMENTOS ADICIONALES (KOHA)
Tipo de ítem Artículo

No hay ítems disponibles.